| 000 | 00395cam a22001337a 4500 | ||
|---|---|---|---|
| 008 | 180718b1959 xxu||||| |||| 00| 0 eng d | ||
| 082 | _aT19x5442 D536 | ||
| 100 | _aDhekney, B.R. | ||
| 245 |
_aHubli city : A study in Urban economic life _cby B.R. Dhekney |
||
| 260 |
_aDharwar _bKarnatak _c1959 |
||
| 300 | _axx,281p | ||
| 650 | _aSociology Urban - India. | ||
| 650 | _aHubli - Economic conditions | ||
| 999 |
_c410423 _d410423 |
||